Pamätáš?

Bibliographic Details
Main Author: Pospiš, Róbert (Author)
Format: Article
Language:Slovak
ISSN:1210-2210
Subjects:

MARC

LEADER 00000nab a2200000 a 4500
001 vtls009969229
003 SK-MaSNL
005 20260304151308.0
008 250506c2009 xo |r|p|||||||000 b|slo
015 |a SNBRB2009/11  |2 snkbucl 
035 |a (uuid)649b9f96-63bb-4712-882d-bf0aa9a1b498 
035 |a urn:nbn:sk:snk-abc5c7 
035 |a (urnnbn)urn:nbn:sk:snk:ar-003tcs 
038 |a SNKBUCL 
040 |a SNKBUCL  |b slo  |c SNKBUCL  |e AACR2 
041 0 |a slo 
044 |a xo  |c SK 
080 |a 821.162.4-1  |2 2001 
100 1 |a Pospiš, Róbert  |4 aut  |9 1472652 
245 1 0 |a Pamätáš?  |c Róbert Pospiš 
650 0 7 |a slovenská poézia  |2 snkbucl  |9 215422 
773 0 |t Dotyky  |g Roč. XXI, č. 2 (2009)  |g S. 73  |x 1210-2210 
773 0 |t Almanach 25  |g Roč. XXI, č. 2 (2009)  |g S. 73  |x 1210-2210 
850 |a Slovenská národná knižnica 
852 |a Slovenská národná knižnica 
958 |a article15 
958 |a OND 
958 |a LX 
958 |a SK 
958 |a EUIPO 
999 |c 2942740  |d 2944670